All Oscar Nominated Actors (Hint) - Statistics

General Stats
  • This quiz has been taken 76 times
  • The average score is 274 of 400
Answer Stats
Hint Answer % Correct
King Richard | The Pursuit of Happyness Will Smith
98%
Moneyball | Once Upon a Time... In Hollywood | The Curious Case of Benjamin Button Brad Pitt
96%
Blood Diamond | Once Upon a Time... In Hollywood | The Aviator | +2 others Leonardo DiCaprio
96%
Fences | Flight | Roman J. Israel, Esq. | The Tragedy of Macbeth Denzel Washington
93%
Adaptation | August: Osage County | Doubt | +6 others Meryl Streep
93%
Manchester by the Sea | The Assassination of Jesse James by the Coward Robert Ford Casey Affleck
91%
Brokeback Mountain | The Dark Knight Heath Ledger
91%
Black Swan | Closer | Jackie Natalie Portman
91%
A Beautiful Day in the Neighborhood Tom Hanks
91%
A Star is Born | American Hustle | American Sniper | Silver Linings Playbook Bradley Cooper
89%
A Single Man | The King's Speech Colin Firth
89%
Joker | The Master | Walk the Line Joaquin Phoenix
89%
A Star is Born Lady Gaga
89%
Crazy Heart Maggie Gyllenhaal
89%
Chicago | Cold Mountain | Judy Renee Zellweger
89%
Milk Sean Penn
89%
Blue Jasmine | Carol | Elizabeth: The Golden Age | +3 others Cate Blanchett
88%
Adaptation Chris Cooper
88%
American Hustle | The Big Short | The Fighter | Vice Christian Bale
88%
Gangs of New York | Lincoln | Phantom Thread | There Will Be Blood Daniel Day-Lewis
88%
The Danish Girl | The Theory of Everything Eddie Redmayne
88%
Birdman | La La Land | The Favourite Emma Stone
88%
Michael Clayton | Syrania | The Descendants | Up in the Air George Clooney
88%
Brokeback Mountain Jake Gyllenhaal
88%
Invictus | The Martian Matt Damon
88%
Dallas Buyers Club Matthew McConaughey
88%
Birdman Michael Keaton
88%
Being the Ricardos | Lion | Rabbit Hole | The Hours Nicole Kidman
88%
Nine | Parallel Mothers | Vicky Cristina Barcelona | Volver Penelope Cruz
88%
Silver Linings Playbook Robert De Niro
88%
Half Nelson | La La Land Ryan Gosling
88%
Gravity | The Blind Side Sandra Bullock
88%
The Irishman Al Pacino
86%
Les Miserables | Rachel Getting Married Anne Hathaway
86%
The Father | The Two Popes Anthony Hopkins
86%
The Theory of Everything Felicity Jones
86%
Being the Ricardos | Biutiful | No Country for Old Men Javier Bardem
86%
American Hustle | Doubt | Junebug | +3 others Amy Adams
84%
Chicago Catherine Zeta-Jones
84%
Django Unchained | Inglourious Basterds Christoph Waltz
84%
Something's Gotta Give Diane Keaton
84%
Nomadland | North County | Three Billboards Outside Ebbing, Missouri Frances McDormand
84%
Darkest Hour | Mank | Tinker Tailor Soldier Spy Gary Oldman
84%
The Eyes of Tammy Faye | The Help | Zero Dark Thirty Jessica Chastain
84%
Cold Mountain Jude Law
84%
Eternal Sunshine of the Spotless Mind | Little Children | Steve Jobs | The Reader Kate Winslet
84%
Green Book | Moonlight Mahershala Ali
84%
Bombshell | I, Tonya Margot Robbie
84%
Invictus | Million Dollar Baby Morgan Freeman
84%
Capote | Doubt | The Master Phillip Seymour Hoffman
84%
In the Valley of Elah | Lincoln Tommy Lee Jones
84%
The Pianist Adrien Brody
82%
Million Dollar Baby Clint Eastwood
82%
Transamerica Felicity Huffman
82%
Collateral | Ray Jamie Foxx
82%
American Hustle | Joy | Silver Linings Playbook | Winter's Bone Jennifer Lawrence
82%
Finding Neverland | Pirates of the Caribbean: The Curse of the Black Pearl | Sweeney Todd: The Demon Barber of Fleet Street Johnny Depp
82%
Charlie Wilson's War Philip Seymour Hoffman
82%
Jojo Rabbit | Marriage Story Scarlett Johansson
82%
The Imitation Game | The Power of the Dog Benedict Cumberbatch
81%
Hotel Rwanda Don Cheadle
81%
The Wrestler Mickey Rourke
81%
Hacksaw Ridge | Tick, Tick... Boom! Andrew Garfield
79%
Lost in Translation Bill Murray
79%
Room Brie Larson
79%
Million Dollar Baby Hilary Swank
79%
Dallas Buyers Club Jared Leto
79%
12 Years a Slave | Steve Jobs Michael Fassbender
79%
In America Samantha Morton
79%
Captain Fantastic | Eastern Promises | Green Book Viggo Mortensen
79%
BlackkKlansman | Marriage Story Adam Driver
77%
The Last King of Scotland Fores Whitaker
77%
The Last Station | The Queen Helen Mirren
77%
Belfast | Mrs Henderson Presents | Notes on a Scandal | Philomena Judi Dench
77%
Far from Heaven | Still Alice | The Hours Julianne Moore
77%
Blue Valentine | Brokeback Mountain | Manchester by the Sea | My Week With Marilyn Michelle Williams
77%
Hidden Figures | The Help | The Shape of Water Octavia Spencer
77%
The Father | The Favourite | The Lost Daughter Olivia Colman
77%
Bohemian Rhapsody Rami Malek
77%
Walk the Line | Wild Reese Witherspoon
77%
Atonement | Brooklyn | Lady Bird | Little Women Saoirse Ronan
77%
Doubt | Fences | Ma Rainey's Black Bottom | The Help Viola Davis
77%
Bombshell | Monster | North County Charlize Theron
75%
Les Miserables Hugh Jackman
75%
About Schimdt Jack Nicholson
75%
Crazy Heart | Hell or High Water | True Grit Jeff Bridges
75%
The Social Network Jesse Eisenberg
75%
Moneyball | Wolf of Wall Street Jonah Hill
75%
August: Osage County Julia Roberts
75%
The Trial of the Chicago 7 Sacha Baron Cohen
75%
Nebraska Bruce Dern
74%
127 Hours James Franco
74%
Marriage Story | Wild Laura Dern
74%
If Beale Street Could Talk Regina King
74%
Tropic Thunder Robert Downey Jr.
74%
The King's Speech Geoffrey Rush
72%
The Artist Jean DuJardin
72%
Being the Ricardos | Whiplash JK Simmons
72%
The Irishman Joe Pesci
72%
Frida Salma Hayek
72%
Creed Sylvester Stallone
72%
The United States VS. Billie Holliday Andra Day
70%
Get Out | Judas and the Black Messiah Daniel Kaluuya
70%
Boyhood Ethan Hawke
70%
Dreamgirls Jennifer Hudson
70%
The Hurt Locker | The Town Jeremy Renner
70%
Pride & Prejudice | The Imitation Game Keira Knightley
70%
The Departed Mark Wahlberg
70%
Foxcatcher Steve Carrell
70%
Mystic River Tim Robbins
70%
Lion Dev Patel
68%
Juno Elliot Page
68%
Foxcatcher | Spotlight | The Kids Are All Right Mark Ruffalo
68%
Bridesmaids | Can You Ever Forgive Me? Melissa McCarthy
68%
Three Billboards Outside Ebbing, Missouri | Vice Sam Rockwell
68%
Ma Rainey's Black Bottom Chadwick Boseman
67%
Dreamgirls Eddie Murphy
67%
12 Years a Slave Lupita Nyong'o
67%
Gone Girl Rosamund Pike
67%
Call Me By Your Name Timothee Chalamet
67%
Argo | Little Miss Sunshine Alan Arkin
65%
Birdman Edward Norton
65%
Adaptation Nicholas Cage
65%
Carol | The Girl with the Dragon Tattoo Rooney Mara
65%
Michael Clayton Tilda Swinton
65%
The Revenant Tom Hardy
65%
The Messenger | Three Billboards Outside Ebbing, Missouri Woody Harrelson
65%
The Danish Girl Alicia Vikander
63%
I, Tonya Allison Janney
63%
Changeling Angelina Jolie
63%
All The Money in the World | Beginners | The Last Station Christopher Plummer
63%
Albert Nobbs | Hillbilly Elegy | The Wife Glenn Close
63%
La Vie en Rose | Two Days, One Night Marion Cotillard
63%
Precious Mo'Nique
63%
21 Grams | The Impossible Naomi Watts
63%
Spotlight Rachel McAdams
63%
Lincoln Sally Field
63%
12 Years a Slave Chiwetel Ejiofor
61%
Little Miss Sunshine Abigail Breslin
60%
Being Julia | The Kids are All Right Annette Bening
60%
House of Sand and Frog Ben Kingsley
60%
Trumbo Bryan Cranston
60%
The King's Speech Helena Bohnam Carter
60%
Frozen River | The Fighter Melissa Leo
60%
Catch Me If You Can Christopher Walken
58%
Spencer Kristen Stewart
58%
21 Grams Benicio del Toro
56%
The Sessions Helen Hunt
56%
Milk Josh Brolin
56%
The Quiet American Michael Caine
56%
The Constant Gardener | The Favourite Rachel Weisz
56%
At Eternity's Gate | The Florida Project Willem Dafoe
56%
About Schimdt | Richard Jewell Kathy Bates
54%
The Power of the Dog Kirsten Dunst
54%
The Wrestler Marisa Tomei
54%
Bridge of Spies Mark Rylance
54%
The Lovely Bones Stanley Tucci
54%
West Side Story Ariana DeBose
53%
Thirteen Holly Hunter
53%
Boyhood Patricia Arquette
53%
Cinderella Man Paul Giamatti
53%
An Education | Promising Young Woman Carey Mulligan
51%
Little Women Florence Pugh
51%
The Power of the Dog Jesse Plemmons
51%
Chicago Queen Latifah
51%
Blue Jasmine | The Shape of Water Sally Hawkins
51%
Minari Steven Yeun
51%
Pain and Glory Antonio Banderas
49%
The Hours Ed Harris
49%
My Week With Marilyn Kenneth Branagh
49%
Kinsey | The Savagers Laura Linney
49%
Moonlight Naomie Harris
49%
The Judge Robert Duvall
49%
A Star is Born Sam Elliot
49%
Mank Amanda Seyfried
46%
Up in the Air Anna Kendrick
46%
Crash Matt Dillon
46%
Road to Perdition Paul Newman
46%
Beasts of the Southern Wild Quvenzhané Wallis
46%
Hustle & Flow Terrence Howard
46%
Unfaithful Diane Lane
44%
Frost/Nixon Frank Langella
44%
Precious Gabourey Sidibe
44%
The Two Popes Jonathan Pryce
44%
The Shape of Water | The Visitor Richard Jenkins
44%
Sound of Metal Riz Ahmed
44%
Blood Diamond | In America Djimon Hounsou
42%
True Grit Hailee Steinfeld
42%
Chicago John C. Reilly
42%
The Last Samurai Ken Watanabe
42%
Judas and the Black Messiah Lakeith Stanfield
42%
Nocturnal Animals | Revolutionary Road Michael Shannon
42%
Can You Ever Forgive Me? Richard E. Grant
42%
A History of Violence William Hurt
42%
Maria Full of Grace Catalina Sandino Moreno
40%
Closer Clive Owen
40%
Mudbound Mary J. Blidge
40%
Pieces of a Woman Vanessa Kirby
40%
The Cooler Alec Baldwin
39%
Gone Baby Gone Amy Ryan
39%
Vera Drake Imelda Staunton
39%
Animal Kingdom | Silver Linings Playbook Jacki Weaver
39%
The Hateful Eight Jennifer Jason Leigh
39%
Lady Bird Laurie Metcalf
39%
Loving Ruth Negga
39%
The Curious Case of Benjamin Button Taraji P. Henson
39%
Sideways Thomas Haden Church
39%
Up in the Air Vera Farmiga
39%
Minari Youn Yuh-jung
39%
The Aviator Alan Alda
37%
45 Years Charlotte Rampling
37%
Good Night, and Good Luck David Strathairn
37%
The Lost Daughter Jessie Buckley
37%
Venus Peter O'Toole
37%
CODA Troy Kotsur
37%
Amour Emmanuelle Riva
35%
Winter's Bone John Hawkes
35%
Manchester by the Sea Lucas Hedges
35%
Captain Phillips Barkhad Abdi
33%
Harriet Cynthia Erivo
33%
Elle Isabelle Huppert
33%
Nebraska June Squibb
33%
Borat Subsequent Moviefilm Maria Bakalova
33%
Warrior Nick Nolte
33%
Michael Clayton Tom Wilkinson
33%
The Artist Bérénice Bejo
32%
A Better Life Demián Bichir
32%
Away From Her Julie Christie
32%
Whale Rider Keisha Castle-Hughes
32%
Mystic River Marcia Gay Harden
32%
Sideways Virginia Madsen
32%
Capote Catherine Keener
30%
Extremely Loud & Incredibly Close Max von Sydow
30%
Babel Rinko Kikuchi
30%
Roma Yalitza Aparicio
30%
Belfast Ciaran Hinds
28%
The Power of the Dog Kodi Smit-McPhee
28%
Phantom Thread Lesley Manville
28%
One Night in Miami... Leslie Odom Jr.
28%
Hotel Rwanda Sophie Okonedo
28%
King Richard Aunjanue Ellis
26%
Sound of Metal Paul Raci
26%
American Gangster Ruby Dee
26%
Roma Marina de Tavira
25%
House of Sand and Frog Shohreh Aghdashloo
25%
Babel Adriana Barraza
23%
Into the Wild Hal Holbrook
23%
Little Children Jackie Earle Haley
23%
Albert Nobbs Janet McTeer
23%
Pieces of April Patricia Clarkson
23%
Mystic River Sean Peenn
4%
No matching quizzes found
Score Distribution
Percent of People with Each Score
Percentile by Number Answered
Your Score History
You have not taken this quiz